000
00269nam a2200109Ia 4500
008
200302s9999 xx 000 0 und d
100
_a
The Course Team
245
_a
The City as A Social System
260
_b
The Open University Press
260
_c
1973
300
_a
162 P.,
999
_c
5297
_d
5297